Normal view
MARC view
Entry Topical Term
001 - CONTROL NUMBER
- control field: 8629
003 - CONTROL NUMBER IDENTIFIER
- control field: OSt
005 - DATE AND TIME OF LATEST TRANSACTION
- control field: 20150902151833.0
008 - FIXED-LENGTH DATA ELEMENTS
- fixed length control field: 150902|| aca||aabn | a|a d
040 ## - CATALOGING SOURCE
- Original cataloging agency: OSt
- Transcribing agency: OSt
150 ## - HEADING--TOPICAL TERM
- Topical term or geographic name entry element: Literature
670 ## - SOURCE DATA FOUND
- Source citation: Work cat.: (OSt)20810: Sri Aurobindo 8628, Sri Aurobindo on English Poets, 1999









